Statistics for Wanda Sykes Filmography

Click here to take the quiz!

General Stats

  • This quiz has been taken 10 times
    (3 since last reset)
  • The average score is 9 of 131

Answer Stats

TypeYearName% Correct
TV Show2015-2020Black-ish
67%
Film2016Ice Age: Collision Course
67%
Film2012Ice Age: Continental Drift
67%
Film2005Monster-in-Law
67%
TV Show2003Wanda at Large
67%
Film2017A Bad Moms Christmas
33%
TV Show2007-2011Back at the Barnyard
33%
Film2016Bad Moms
33%
Film | Video Game2006Barnyard
33%
Film2006Brother Bear 2
33%
Film2007Evan Almighty
33%
Web Series2021The Good Fight
33%
TV Show2013The Simpsons
33%
TV Show2009-2010The Wanda Sykes Show
33%
Web Series2023Velma
33%
TV Show2004Wanda Does It
33%
Stand-Up Special2009Wanda Sykes: I'ma Be Me
33%
Stand-Up Special2019Wanda Sykes: Not Normal
33%
Stand-Up Special2006Wanda Sykes: Sick and Tired
33%
Stand-Up Special2003Wanda Sykes: Tongue Untied
33%
Stand-Up Special2016Wanda Sykes: What Happened... Ms. Sykes?
33%
TV Special20092009 White House Correspondents' Dinner
0%
Award Show202028th Annual Trumpet Awards
0%
Award Show201829th Annual GLAAD Media Awards
0%
Award Show202294th Academy Awards
0%
TV Show2022A Black Lady Sketch Show
0%
Commercial2022Aflec
0%
Web Series2022Alabama Jackson
0%
TV Show2013-2014Alpha House
0%
Commercial2016American Express
0%
TV Show2010American Idol
0%
TV Show1992An Evening at the Improv
0%
TV Show2016Animals.
0%
Theater2010-2011Annie
0%
Commercial2007Applebee's
0%
Web Series2018Ask the StoryBots
0%
Web Series2019Big Mouth
0%
TV Show2016Bob's Burgers
0%
Web Series2018BoJack Horseman
0%
TV Show2016Born Again Virgin
0%
Film2021Breaking News in Yuba County
0%
TV Show2017Broad City
0%
TV Show2012Bubble Guppies
0%
TV Film2012Bubble Puppy's Fin-tastic Fairytale Adventure
0%
TV Show2018Celebrity Family Feud
0%
TV Show2003Chappelle's Show
0%
TV Show2022Chivalry
0%
Film2006Clerks II
0%
TV Show1998Comedy Central Presents
0%
Short Film2006CondomNation
0%
TV Show2002-2005, 2019-PresentCrank Yankers
0%
TV Show2001-2011Curb Your Enthusiasm
0%
TV Show2004-2005Da Boom Crew
0%
Commercial2018Dannon
0%
Documentary Series2006Dawn French's Girls Who Do: Comedy
0%
TV Show2017, 2020Doc McStuffins
0%
Film2001Down to Earth
0%
TV Film2016Dream Team
0%
TV Show1999Dr. Katz, Professional Therapist
0%
TV Show2011Drop Dead Diva
0%
Documentary Series2012Finding Your Roots with Henry Louis Gates, Jr.
0%
Short Film2020For Christmas Sake
0%
Film2020Friendsgiving
0%
TV Show2012Futurama
0%
Commercial2012Gain
0%
Short Film2006Hammy's Boomerang Adventure
0%
Web Series2019, 2020Harley Quinn
0%
TV Show2015Hollywood Game Night
0%
TV Show2016House of Lies
0%
Short Film2015How to Vajaculate: If You Build It, She Will Come
0%
Film2018Hurricane Bianca: From Russia with Hate
0%
Video Game2012Ice Age: Continental Drift - Arctic Games
0%
Documentary Series2017Jay Leno's Garage
0%
Film2019Jexi
0%
TV Show1999Just for Laughs
0%
TV Show2014Last Comic Standing
0%
TV Show2019Last Week Tonight with John Oliver
0%
Film2007License to Wed
0%
TV Show2017Lip Sync Battle
0%
TV Special2019Live in Front of a Studio Audience
0%
TV Show2003MADtv
0%
Web Series2020Mapleworth Murders
0%
TV Show2018Martha & Snoop's Potluck Dinner Party
0%
TV Short2003MTV: Reloaded
0%
Film2006My Super Ex-Girlfriend
0%
Commercial2018NAACP
0%
Short Film2020Noah's Arc: The 'Rona Chronicles
0%
Film2000Nutty Professor II: The Klumps
0%
Film2006Over the Hedge
0%
Web Mini-Series2021Pandemica
0%
TV Show2015Penn Zero: Part-Time Hero
0%
Film2001Pootie Tang
0%
TV Show2002-2003Premium Blend
0%
Web Series2021Q-Force
0%
TV Show2013Real Husbands of Hollywood
0%
TV Show2015Repeat After Me
0%
TV Show2016Ridiculousness
0%
Film2011Rio
0%
TV Show2019RuPaul's Drag Race
0%
TV Show2019Scooby-Doo and Guess Who?
0%
Film2017Snatched
0%
TV Show2019Summer Camp Island
0%
Award Show2003The 55th Annual Primetime Emmy Awards
0%
Film2006The Adventures of Brer Rabbit
0%
Web Series2019The Bravest Knight
0%
Web Series2019-2020The Bug Diaries
0%
Short Film2007The Captain
0%
TV Show2008The Cho Show
0%
TV Show1997-1998The Chris Rock Show
0%
TV Show2001The Downer Channel
0%
TV Show2001The Drew Carey Show
0%
Film2013The Hot Flashes
0%
Web Series2019The Marvelous Mrs. Maisel
0%
TV Show2006-2010The New Adventures of Old Christine
0%
Web Series2019-PresentThe Other Two
0%
Web Series2021-PresentThe Upshaws
0%
Film2019The Wedding Year
0%
Commercial2012Tide
0%
Web Series2020-2021Tig n' Seek
0%
Video Game2022Tiny Tina's Wonderlands
0%
Film1998Tomorrow Night
0%
TV Show2019To Tell the Truth
0%
Film2019UglyDolls
0%
TV Show2017-2021Vampirina
0%
Documentary Mini-Series2020Visible: Out on Television
0%
Stand-Up Special2015Wanda Sykes: Better Looking & Stylish
0%
Stand-Up Special2019Wanda Sykes: Bustin' Loose
0%
TV Show2013Wanda Sykes Presents Herlarious
0%
TV Show2006Will & Grace
0%
TV Film2016World's End
0%

Score Distribution

Percentile by Number Answered

Percent of People with Each Score

Your Score History

You have not taken this quiz since the last reset